Statistics for Guess the Taylor Swift song! #3

Click here to take the quiz!

General Stats

  • This quiz has been taken 769 times
    (747 since last reset)
  • The average score is 313 of 413

Answer Stats

Answer% Correct
I
100%
a
98%
the
98%
You
98%
you
98%
me
94%
and
92%
And
92%
Your
92%
your
92%
on
91%
be
90%
in
90%
Who
90%
my
88%
to
88%
It
87%
it
87%
of
87%
when
87%
When
87%
is
85%
they
84%
Where
84%
hear
83%
youre
83%
So
82%
are
81%
say
81%
at
80%
dont
80%
Dont
80%
all
79%
am
79%
But
79%
im
79%
not
79%
Now
79%
now
79%
She
79%
she
79%
like
78%
said
78%
was
78%
girl
76%
her
76%
should
76%
that
75%
what
75%
out
74%
were
74%
boy
73%
Ill
73%
ill
73%
know
72%
This
72%
kind
71%
or
71%
see
71%
Speak
71%
up
70%
with
70%
would
69%
back
68%
by
68%
wrong
67%
marrying
66%
need
66%
room
66%
white
66%
Away
65%
away
65%
door
65%
from
65%
meet
65%
only
65%
run
65%
Run
65%
stand
64%
yes
64%
forever
63%
occasion
63%
eyes
62%
last
62%
hold
61%
rudely
61%
barging
60%
church
60%
everyone
60%
looks
60%
single
60%
bride
59%
looking
59%
peace
59%
thought
59%
vow
59%
theres
58%
Theres
58%
veil
58%
down
57%
dressed
57%
hands
57%
pastel
57%
time
57%
family
56%
wait
56%
wish
56%
preacher
55%
chance
54%
Horrified
54%
little
54%
silence
54%
bridesmaid
53%
friends
53%
pastry
53%
sneak
53%
yelling
53%
gown
51%
shaped
51%
lovely
50%
Wearing
50%
didnt
49%
shaky
49%
queen
48%
snotty
48%
daydream
47%
myself
47%
uninvited
47%
lose
46%
pageant
46%
song
46%
surely
46%
running
45%
seems
45%
aisle
44%
death
44%
hiding
44%
inside
44%
play
44%
Somewhere
44%
Baby
43%
march
43%
sounds
43%
youll
43%
around
42%
curtains
41%
floats
41%
starts
40%
organ
39%
glad
38%
exchanged
37%
gestures
37%
Lets
35%
tux
35%
vows
34%
Fond
31%

Score Distribution

Percentile by Number Answered

Percent of People with Each Score

Your Score History

You have not taken this quiz since the last reset